000
00217nam a22000857a 4500
008
170130b xxu||||| |||| 00| 0 eng d
100
_9
2631
_a
Parth Children Book
245
_a
Nusrey Rhymes-B
260
_a
New Delhi
_b
PCB
_c
2010
999
_c
5775
_d
5775